[Event "IRT Club Caissa 2019"]
[Site "Guatemala"]
[Date "2019.01.12"]
[Round "7"]
[White "Almeida Quintana, Omar"]
[Black "Sriram, Jha"]
[Result "1-0"]
[WhiteElo "2540"]
[BlackElo "2373"]
[Annotator "TA"]
[PlyCount "59"]
[EventDate "2019.01.09"]
[EventType "swiss"]
[EventCountry "GUA"]
[SourceTitle "playchess.com"]
[Source "ChessBase"]
[SourceQuality "1"]

{[%evp 25,59,15,18,19,42,-3,0,-19,-9,-9,-17,-11,0,0,5,0,102,95,196,195,441,438,431,246,234,231,286,212,335,283,460,342,432,415,727,727]} 1. d4 d5 2. Nf3 Nf6 3. c4 c6 4. e3 Bf5 5. Nc3 e6 6. Nh4 Be4 7. f3 Bg6 8. Qb3 Qc7 9. Bd2 {D12: Slav Defence: 3 Nf3 Nf6 4 e3 Bf5} Be7 10. Nxg6 (10. O-O-O dxc4 11. Bxc4 a6 12. Be2 Nbd7 13. Nxg6 hxg6 14. Kb1 c5 15. d5 exd5 16. Nxd5 Nxd5 17. Qxd5 {0-1 (31) Karjakin,S (2773)-Caruana,F (2822) Saint Louis 2018}) 10... hxg6 11. Rc1 dxc4 12. Bxc4 Nbd7 13. g3 O-O {LiveBook: 9 Games} 14. O-O Rad8 15. Qc2 $146 ({Predecessor:} 15. Ne4 Nxe4 16. fxe4 Bg5 {0-1 (43) Raznikov,D (2434)-Svetushkin,D (2576) Kavala 2011}) 15... c5 16. Ne2 Qb8 17. a4 Rc8 18. Qb3 Nb6 19. Bd3 $36 {[%mdl 2048] White has the initiative.} Nbd7 20. Nf4 {Hoping for Nxe6!} cxd4 {[#]} (20... Rc6 $11) 21. Nxg6 $1 $16 {[%mdl 576] Double Attack} Bc5 (21... Rfe8 $16 {keeps fighting.}) (21... fxg6 22. Qxe6+) 22. Nxf8 $18 dxe3 $2 (22... Rxf8 23. e4 Bd6) 23. Nxd7 Nxd7 24. Bh7+ (24. Bc3 $142) 24... Kxh7 25. Bxe3 g6 26. Kg2 {Bf4 is the strong threat.} b6 (26... Bxe3 {was worth a try.} 27. Qxe3 Rxc1 28. Rxc1 Nb6) 27. Rfd1 Qb7 $2 {[#]} (27... Bxe3 {was called for.} 28. Qxe3 Nf6 29. Rxc8 Qxc8) 28. Qc4 Re8 29. Bxc5 ({Weaker is} 29. Qf4 Kg7 $18) 29... Nxc5 (29... bxc5 $142 30. b4 Nf6 31. bxc5 Nd5) 30. b4 {Accuracy: White = 55%, Black = 41%.} 1-0

[Event "IRT Club Caissa 2019"]
[Site "Guatemala"]
[Date "2019.01.12"]
[Round "7"]
[White "Cuenca Jimenez, Jose Fernando"]
[Black "Gonzalez, Renier"]
[Result "1-0"]
[WhiteElo "2512"]
[BlackElo "2451"]
[Annotator "TA"]
[PlyCount "65"]
[EventDate "2019.01.09"]
[EventType "swiss"]
[EventCountry "GUA"]
[SourceTitle "playchess.com"]
[Source "ChessBase"]
[SourceQuality "1"]

{[%evp 32,65,86,38,99,62,135,150,218,218,210,235,216,181,208,206,291,293,327,208,265,263,358,260,341,279,267,241,242,246,391,387,647,641,1006,997]} 1. c4 c5 2. Nf3 Nf6 3. d4 cxd4 4. Nxd4 b6 5. f3 Bb7 6. e4 d6 7. Nc3 e6 8. Be3 a6 9. Qd2 Nbd7 10. Be2 Be7 11. O-O O-O 12. a4 Qc7 13. Rfc1 Rac8 14. a5 bxa5 {A31: Symmetrical English: 2 Nf3 Nf6 3 d4} 15. Nb3 Qb8 16. Nxa5 Ba8 17. b4 {[%cal Bb2b4,Bb4a5][%mdl 32] LiveBook: 14 Games} Ne5 (17... d5 $1 $14) 18. Rab1 {[#]} Nc6 $146 {[#]} ({Black should play} 18... d5 $1 $14) ({Predecessor:} 18... Bd8 19. c5 dxc5 20. bxc5 Qc7 21. Bxa6 Qxa5 22. Bxc8 {1-0 (36) Kacheishvili,G (2606)-Kritz,L (2589) ICC INT 2009}) 19. Na4 $1 $16 Nxa5 (19... d5 $16 {was called for.}) 20. bxa5 $18 Qc7 21. c5 d5 22. Bxa6 Rcd8 23. e5 d4 (23... Qxe5 $142 24. Bd4 Qh5) 24. Bxd4 ({Not} 24. exf6 dxe3 25. Qxe3 Bxf6 $15) 24... Nd7 25. Qc3 Nb8 26. Bb5 {Black must now prevent c6.} Nc6 27. Bxc6 Qxc6 28. Qc4 Bg5 29. Rc2 Qd7 30. Bf2 {aiming for c6.} Qc7 (30... Bd5 $142 31. Qg4 Bb3) 31. c6 {[%cal Bc5c6,Bc6c7][%mdl 32]} Qxe5 $2 {[#]} (31... Rd2 32. Rxd2 Bxd2) 32. c7 Rc8 {Black hopes to continue with ...Bf4.} 33. Nb6 {Accuracy: White = 69%, Black = 24%.} 1-0

[Event "IRT Club Caissa 2019"]
[Site "Guatemala"]
[Date "2019.01.12"]
[Round "7"]
[White "Strikovic, Aleksa"]
[Black "Burgos Figueroa, Carlos E."]
[Result "1-0"]
[WhiteElo "2490"]
[BlackElo "2245"]
[Annotator "TA"]
[PlyCount "110"]
[EventDate "2019.01.09"]
[EventType "swiss"]
[EventCountry "GUA"]
[SourceTitle "playchess.com"]
[Source "ChessBase"]
[SourceQuality "1"]

{[%evp 28,110,19,16,13,0,0,0,24,27,31,15,21,8,7,11,8,0,0,0,19,-31,-31,-32,0,0,0,-31,-7,-47,-15,-49,-15,-27,27,0,119,117,145,98,95,101,111,85,85,79,78,75,78,70,87,72,79,58,58,62,123,131,127,134,110,74,80,57,67,65,66,61,97,88,100,97,90,95,87,80,99,80,237,243,355,254,371,352,425]} 1. c4 c5 2. Nf3 g6 3. d4 cxd4 4. Nxd4 Bg7 5. e4 Nc6 6. Be3 Nf6 7. Nc3 Ng4 8. Qxg4 Nxd4 9. Qd1 Ne6 10. Qd2 Qa5 11. Rc1 d6 12. b3 {B39: Sicilian: Maroczy Bind with 5...Bg7 and 7...Ng4} (12. Be2 Nc5 13. f3 Be6 14. b3 O-O 15. Nd5 Qxd2+ 16. Kxd2 Bxd5 17. cxd5 a5 18. Bxc5 dxc5 19. Rxc5 Rfc8 20. Rc4 {1-0 (40) Andreikin,D (2700)-Popov,I (2609) Tyumen 2012}) 12... Bd7 13. Be2 Bc6 14. Nd5 Qxd2+ 15. Kxd2 {LiveBook: 3 Games} b6 16. b4 Rc8 $146 ({Predecessor:} 16... h5 17. Rhd1 g5 18. g3 Be5 19. Rf1 Rc8 20. f4 gxf4 21. gxf4 {1-0 (41) Nakhapetiane,P (2383)-Okun,L (2370) Moscow 2006}) 17. f4 Nd4 18. Bg4 Bd7 19. Bxd7+ Kxd7 20. Kd3 Nc6 21. b5 Na5 22. Rhd1 e6 23. Nb4 f5 24. exf5 (24. e5 $5) 24... gxf5 25. Na6 Ke7 26. Bd2 Nb7 27. Ke3 Rhd8 28. Be1 Bf6 29. Kf3 Rd7 30. Rc2 Nc5 ({Black should play} 30... h5) 31. Nb4 Ne4 {[#]} (31... e5 $11 {keeps the balance.}) 32. g4 $1 $16 Rc5 33. Nc6+ Rxc6 34. bxc6 Rc7 35. gxf5 exf5 36. Rd5 Ke6 37. a4 Rxc6 38. Rb5 Bd4 39. a5 Bc5 40. axb6 axb6 41. Rb3 d5 (41... Rc8 $14) 42. cxd5+ Kxd5 43. Rd3+ Ke6 44. Ke2 Rc7 45. Rh3 Rg7 46. Rh6+ Kd5 47. Rh5 Ke6 48. Bc3 Ra7 49. Be5 b5 50. Rb2 b4 51. Kd3 Bf8 52. Kc4 h6 $2 {[#]} (52... Rd7 $16) 53. Rg2 $18 Rf7 (53... Rd7 $142 54. Rg6+ Kf7) 54. Ra2 Rh7 (54... Nd6+ $142 55. Kxb4 Rc7) 55. Ra6+ Bd6 {Accuracy: White = 59%, Black = 36%.} 1-0

[Event "IRT Club Caissa 2019"]
[Site "Guatemala"]
[Date "2019.01.12"]
[Round "7"]
[White "Zaragatski, Ilja"]
[Black "Mareco, Sandro"]
[Result "1/2-1/2"]
[WhiteElo "2465"]
[BlackElo "2661"]
[Annotator "TA"]
[PlyCount "50"]
[EventDate "2019.01.09"]
[EventType "swiss"]
[EventCountry "GUA"]
[SourceTitle "playchess.com"]
[Source "ChessBase"]
[SourceQuality "1"]

{[%evp 13,50,0,7,18,45,45,70,72,84,90,81,75,80,59,65,53,60,70,64,34,45,44,129,130,118,123,191,89,83,8,9,6,6,6,0,4,0,0,0]} 1. Nf3 d5 2. g3 c5 3. Bg2 Nf6 4. O-O e6 5. d4 cxd4 6. Nxd4 e5 7. Nb3 Be6 {LiveBook: 224 Games} 8. e4 {D02: 1 d4 d5 2 Nf3 sidelines, including 2...Nf6 3 g3 and 2...Nf6 3 Bf4} (8. Bg5 Nbd7 9. e4 dxe4 10. Bxe4 Qc7 11. Bg2 Be7 12. Nc3 O-O 13. Re1 Rad8 14. Qe2 h6 15. Bxf6 Bxf6 {½-½ (107) Caruana,F (2802)-Nakamura,H (2786) chess.com INT 2017}) 8... Nxe4 $146 {[#]} ({Predecessor:} 8... Nc6 9. exd5 Nxd5 10. Qe2 Qc7 11. Be3 Rd8 12. Bxd5 Bxd5 13. Nc3 Be6 14. Nb5 Qb8 15. Rad1 b6 16. Rxd8+ Qxd8 {½-½ (25) Banet,J (2517)-Stoeckert,M (2452) ICCF email 2014}) 9. c4 $1 {[%mdl 512]} Nc6 (9... dxc4 10. Qxd8+) 10. cxd5 $1 {White is slightly better.} Bxd5 {[#]} 11. Qe2 $1 {Threatens to win with Rd1.} Bxb3 12. axb3 {[%cal Ba2b3,Bb3b4,Bb4b5][%mdl 32]} Nc5 {[#]} 13. b4 $1 {[%mdl 512]} Ne6 (13... Nxb4 14. Qb5+) 14. b5 $1 {[%cal Rb5c6]} Ncd4 15. Qxe5 Bd6 16. Qd5 O-O 17. Nc3 a5 ({Better is} 17... Bb4 $14) 18. Rd1 $16 Bc5 19. Qxb7 Ra7 {[#]} (19... Rb8 $16 20. Qe4 Qb6) 20. Qe4 (20. Qd5 $1 $18 {and White stays clearly on top.}) 20... Rd7 21. Be3 (21. Kf1 $16) 21... Ne2+ $1 $11 {The position is equal.} 22. Kh1 {Rxd7 is the strong threat.} Nxc3 23. Rxd7 Qxd7 24. bxc3 {Hoping for Qc6.} Bxe3 25. Qxe3 {Black must now prevent b6.} Qxb5 {Accuracy: White = 55%, Black = 38%.} 1/2-1/2

[Event "IRT Club Caissa 2019"]
[Site "Guatemala"]
[Date "2019.01.12"]
[Round "7"]
[White "Calderin Gonzalez, Roberto"]
[Black "Galvez Dastin, Eduardo"]
[Result "1-0"]
[WhiteElo "2427"]
[BlackElo "2239"]
[Annotator "TA"]
[PlyCount "39"]
[EventDate "2019.01.09"]
[EventType "swiss"]
[EventCountry "GUA"]
[SourceTitle "playchess.com"]
[Source "ChessBase"]
[SourceQuality "1"]

{[%evp 16,39,19,35,368,299,312,298,462,441,431,337,330,283,504,483,523,480,470,420,468,460,479,472,2520,-29999]} 1. f4 e5 2. fxe5 d6 3. exd6 Bxd6 4. Nf3 g5 {[%cal Bg7g5,Bg5g4][%mdl 32]} 5. g3 g4 6. Nh4 Ne7 7. e4 Ng6 8. Nf5 {A02: Bird's Opening} Bxf5 9. exf5 {[%cal Be4f5,Bf5g6][%mdl 32] LiveBook: 4 Games} O-O $146 {[%mdl 8192]} (9... Qe7+ $14 10. Be2 Nc6) ({Predecessor:} 9... Ne5 10. Bg2 Bc5 11. Nc3 Nbc6 12. d3 Nd4 13. Ne4 Ndf3+ 14. Bxf3 Nxf3+ 15. Kf1 Be7 {1-0 (34) Liu,G (2462)-Chu,W (2399) Shenzhen 2017}) 10. fxg6 {White is winning.} Re8+ 11. Be2 {[#] aiming for gxf7+.} Qf6 (11... hxg6 $142 12. d4 Qf6) 12. gxf7+ $18 Qxf7 13. c3 Qf3 {[#]} 14. Rg1 $1 ({And not} 14. Rf1 Bxg3+ 15. hxg3 Qxg3+ 16. Rf2 Qg1+ 17. Rf1 Qg3+ 18. Rf2 Qg1+ 19. Rf1 Qg3+ $11) 14... Nc6 $2 (14... Qd3 15. b4 Nc6) 15. d4 {[%cal Bd2d4,Bd4d5][%mdl 32]} Re7 {Strongly threatening ...Rae8.} 16. Bg5 Re6 17. d5 {[%mdl 64] Double Attack} Re5 18. Bf4 {White is clearly winning.} ({Less strong is} 18. dxc6 Rae8 $16) 18... Re7 {White must now prevent ...Rae8.} 19. Nd2 ({Not} 19. dxc6 $2 Rae8 $19) 19... Re6 (19... Qxd5 $142 20. Qb3 Qxb3 21. axb3 Rae8) 20. Qb3 $4 {[%mdl 40960] Loss on time!?} (20. Nxf3 $18 gxf3 21. dxe6 fxe2 22. Qxe2) 1-0

[Event "IRT Club Caissa 2019"]
[Site "Guatemala"]
[Date "2019.01.12"]
[Round "7"]
[White "Juarez Flores, Carlos A."]
[Black "Juarez Flores, Gustavo E."]
[Result "1-0"]
[WhiteElo "2377"]
[BlackElo "2060"]
[Annotator "NA"]
[PlyCount "60"]
[EventDate "2019.01.09"]
[EventType "swiss"]
[EventCountry "GUA"]
[SourceTitle "playchess.com"]
[Source "ChessBase"]
[SourceQuality "1"]
[TimeControl "5400+30"]

1. d4 {[%emt 0:00:00]} Nf6 {[%emt 0:03:28]} 2. g3 {[%emt 0:00:47]} g6 {[%emt 0:00:09]} 3. Bg2 {[%emt 0:00:08]} Bg7 {[%emt 0:00:12]} 4. c4 {[%emt 0:00:28]} d6 {[%emt 0:01:06]} 5. Nf3 {[%emt 0:00:18]} O-O {[%emt 0:00:55]} 6. O-O {[%emt 0:00:19]} Nbd7 {[%emt 0:02:23]} 7. b3 {[%emt 0:00:35]} e5 {[%emt 0:01:01]} 8. Bb2 {[%emt 0:00:42]} exd4 {[%emt 0:01:08]} 9. Nxd4 {[%emt 0:00:11]} Re8 {[%emt 0:00:33]} 10. Nc3 {[%emt 0:00:17]} Nc5 {[%emt 0:01:32]} 11. Qc2 {[%emt 0:01:58]} a5 {[%emt 0:01:04]} 12. Rad1 {[%emt 0:02:23]} Bd7 {[%emt 0:02:15]} 13. Rfe1 {[%emt 0:03:22]} Qc8 {[%emt 0:00:41]} 14. Nd5 {[%emt 0:12:32]} Nxd5 {[%emt 0:06:22]} 15. cxd5 {[%emt 0:00:22]} Re7 {[%emt 0:04:14]} 16. e4 {[%emt 0:05:20]} Qf8 {[%emt 0:24:55]} 17. h3 {[%emt 0:04:07]} Rae8 {[%emt 0:02:34]} 18. Bc3 {[%emt 0:00:10]} b6 {[%emt 0:00:50]} 19. Kh2 {[%emt 0:27:16]} h6 {[%emt 0:08:18]} 20. Re2 {[%emt 0:06:46]} Kh7 {[%emt 0:01:48]} 21. Rde1 {[%emt 0:02:32]} Qh8 {[%emt 0:02:05]} 22. Qd2 {[%emt 0:01:13]} Bc8 {[%emt 0:07:42]} 23. Re3 {[%emt 0:00:28]} Bd7 {[%emt 0:01:36]} 24. a3 {[%emt 0:01:57]} a4 {[%emt 0:01:08]} 25. b4 {[%emt 0:00:47]} Nb3 {[%emt 0:00:58]} 26. Nxb3 {[%emt 0:00:13]} axb3 {[%emt 0:00:10]} 27. Bxg7 {[%emt 0:00:33]} Qxg7 {[%emt 0:00:17]} 28. Rxb3 {[%emt 0:00:04]} f5 {[%emt 0:01:36]} 29. Rc1 {[%emt 0:01:08]} Bc8 {[%emt 0:04:27]} 30. exf5 {[%emt 0:03:45]} Kg8 1-0

[Event "IRT Club Caissa 2019"]
[Site "Guatemala"]
[Date "2019.01.12"]
[Round "7"]
[White "Garcia, Douglas"]
[Black "Gonzalez Zamora, Juan Carlos"]
[Result "0-1"]
[WhiteElo "2177"]
[BlackElo "2529"]
[Annotator "TA"]
[PlyCount "54"]
[EventDate "2019.01.09"]
[EventType "swiss"]
[EventCountry "GUA"]
[SourceTitle "playchess.com"]
[Source "ChessBase"]
[SourceQuality "1"]

{[%evp 22,54,41,-61,0,-23,-30,-68,-60,-105,-97,-177,-151,-145,-150,-170,-183,-207,-207,-418,-429,-423,-424,-740,-754,-744,-747,-706,-652,-1027,-1038,-1033,-1040,-1129,-1051]} 1. d4 Nf6 2. c4 a6 3. Nc3 c5 4. d5 d6 5. e4 g6 6. f4 Bg7 7. Nf3 O-O 8. Bd3 e6 9. a4 exd5 10. cxd5 Bg4 11. O-O Nbd7 12. Qc2 (12. h3 $14 Bxf3 13. Qxf3 (13. Rxf3 c4 $11) (13. gxf3 Nh5 $15)) 12... Bxf3 {A68: Modern Benoni: Four Pawns Attack without 9...Re8} (12... c4 $5 13. Bxc4 Rc8 $14) 13. Rxf3 Rc8 14. Qe2 Re8 {Black is slightly better.} 15. a5 $146 ({Predecessor:} 15. Rf1 Qa5 16. Bd2 c4 17. Bc2 Nxd5 18. Nxd5 Qxd5 19. Bc3 Qc5+ 20. Qf2 Qxf2+ 21. Rxf2 {0-1 (34) Martinez,L-Valiente,C (2310) Asuncion 1989}) 15... Ng4 {[%cal Bf6g4,Bg4f2,Bf2d3,Bd3f4][%mdl 32]} 16. h3 (16. g3 $17) 16... Bd4+ $19 17. Kh1 Qh4 18. Bd2 Nf2+ 19. Kh2 Nf6 {[#] ( -> ...N6g4+)} 20. Rg3 $2 (20. Rxf2 Qxf2 21. Qxf2 Bxf2 22. Bc2) 20... h5 ({Don't take} 20... Nh5 21. Rg4 $19) ({Weaker is} 20... c4 21. Bc2 $19) 21. Be1 {Black is clearly winning.} Qxf4 22. Qf3 (22. Bxf2 $142 Bxf2 23. Qf3) 22... Nxd3 23. Qxf4 Nxf4 24. Rf3 Nxe4 25. g3 Nxc3 26. bxc3 Re2+ 27. Kh1 Rce8 0-1

[Event "IRT Club Caissa 2019"]
[Site "Guatemala"]
[Date "2019.01.12"]
[Round "8"]
[White "Mareco, Sandro"]
[Black "Almeida Quintana, Omar"]
[Result "1/2-1/2"]
[WhiteElo "2661"]
[BlackElo "2540"]
[Annotator "TA"]
[PlyCount "200"]
[EventDate "2019.01.09"]
[EventType "swiss"]
[EventCountry "GUA"]
[SourceTitle "playchess.com"]
[Source "ChessBase"]
[SourceQuality "1"]

{[%evp 17,200,58,61,50,59,60,67,57,66,43,58,49,50,47,45,47,43,24,43,31,31,34,50,43,50,49,64,36,44,29,34,33,53,40,47,22,45,50,47,4,18,17,45,27,19,0,0,0,15,12,48,44,68,81,75,64,75,36,31,37,78,77,82,0,0,0,0,0,0,0,11,8,77,79,79,80,93,80,82,97,81,81,249,0,0,0,63,63,59,57,59,0,60,60,60,60,63,63,64,63,66,70,72,66,133,66,76,64,86,71,89,90,93,85,96,66,66,66,66,58,66,66,72,51,66,66,69,69,68,42,45,46,46,41,40,8,42,42,66,66,114,26,26,26,26,26,26,8,8,8,11,0,0,0,0,0,0,0,22,22,22,22,22,22,22,22,22,20,22,22,24,24,24,24,24,22,22,22,22,22,22,20,20,20,20]} 1. d4 d6 2. Nf3 g6 3. c4 Bg7 4. Nc3 Bg4 5. g3 Qc8 (5... Bxf3 6. exf3 Nh6 7. Bg2 Nf5 8. f4 c6 9. d5 c5 10. O-O O-O 11. Re1 Nd7 12. Bh3 Nd4 13. Be3 a6 14. a4 {0-1 (53) Miton,K (2584)-Kuzubov,Y (2699) Riadh 2017}) 6. Bg2 {A41: 1 d4 d6: Tartakower System and Modern Defence} Bh3 7. O-O Bxg2 8. Kxg2 Nf6 9. e4 O-O {LiveBook: 6 Games} 10. Qe2 Nc6 11. d5 Nb4 $146 {[%cal Bc6b4,Bb4a6,Ba6b8,Bb8d7,Bd7e5][%mdl 32]} ({Predecessor:} 11... Nb8 12. Bg5 h6 {½-½ (44) Hakulinen,E (2315)-Lauk,U (2385) Finland 1995}) 12. a3 Na6 13. Rb1 e6 14. b4 Re8 15. Qd3 Nb8 16. dxe6 Rxe6 17. Bb2 Nbd7 18. Nd4 Re8 19. Nb3 b6 20. f3 Ne5 21. Qe2 $1 Qa6 22. Nb5 Qb7 23. Rfd1 Rad8 24. Nc3 Qa6 25. Nd2 c6 26. h3 Qc8 27. f4 Ned7 28. Nf3 Qc7 29. Qd3 Nf8 30. Rd2 a6 31. Re1 b5 32. cxb5 axb5 33. Nd1 Ne6 34. Nf2 d5 35. Bxf6 Bxf6 36. e5 ({Of course not} 36. exd5 $6 Rxd5 37. Qc2 Rxd2 $11) 36... Bg7 37. f5 gxf5 38. Qxf5 c5 {[#]} 39. bxc5 $1 Qxc5 40. Rd3 (40. Ng4 $16) 40... Ra8 $11 41. Red1 Rxa3 42. Rxa3 Qxa3 43. Rxd5 Rb8 44. Rd7 Qf8 (44... Rf8 $11 {remains equal.}) 45. Ne4 $16 Qe8 46. Ra7 $36 {[%mdl 2048] Keeping Black busy.} Nf8 47. Neg5 {[%cal Ra7f7]} h6 48. Nxf7 {And now Nd4 would win.} Qe6 49. Nd6 {Black must now prevent Qe4.} b4 $2 {[#]} (49... Qxf5 $16 {is a better defense.} 50. Nxf5 Ne6) 50. Qb1 $2 (50. Qe4 $1 $18 Rd8 51. Nf5 (51. Qxb4 Bxe5 {[%mdl 64] Remove Defender} 52. Nxe5 Rxd6 $16)) 50... Bxe5 $11 51. Nf5 Bc3 (51... Bf6 $11) 52. Re7 $14 Qf6 53. Qe4 Kh8 {next ...b3 is good for Black.} 54. Ne3 (54. Qd5 $14) 54... Rd8 ({Black should try} 54... Ra8 $11) 55. h4 b3 {Threatening ...b2.} 56. Rb7 Qa6 57. Rxb3 Qa2+ 58. Qc2 Qxc2+ 59. Nxc2 Bg7 60. Ne3 Ne6 (60... Ra8 $14) 61. Nf5 ({White should play} 61. Rb6 $16 Re8 62. Nf5) 61... Rf8 62. Rb5 Kh7 63. g4 Bf6 64. Rb7+ Ng7 65. Kg3 Kg6 66. Nd6 h5 67. g5 Bc3 68. Rb6 Kh7 69. Rc6 Bb2 70. Kg2 Rf4 71. Nc4 Rg4+ 72. Kf1 $1 Ba1 73. Ne3 Re4 74. Kf2 Bd4 75. Nxd4 Rxd4 {[%mdl 4096] Endgame KRN-KRN} 76. Rh6+ Kg8 77. Ng2 {aiming for Rg6.} Rd2+ 78. Kf3 {Threatens to win with Nf4.} Rd3+ 79. Kf4 (79. Ke4 $16 Rg3 80. Nf4) 79... Rd2 $11 80. Ne3 Rf2+ 81. Ke4 {Ra6 is the strong threat.} Rh2 82. Nd5 {Strongly threatening Rf6.} Rxh4+ 83. Ke5 Rh1 84. Nf6+ (84. Kf6 {seems wilder.} Re1 85. Kg6 Ne8 86. Rxh5 Re5 87. Nf4) 84... Kf8 $1 85. g6 Re1+ 86. Ne4 Ke7 87. Rh7 Rxe4+ (87... Kf8 {looks sharper.} 88. Rh8+ Ke7 89. Ra8 h4 90. Ra7+ Kf8) 88. Kxe4 {KR-KN} Kf6 89. Rh8 Kxg6 90. Ke5 Nf5 91. Rg8+ Ng7 92. Ra8 Nf5 93. Kf4 {Ra6+ would kill now.} Ng7 94. Ra6+ Kf7 95. Kg5 Ne6+ 96. Kxh5 Kf6 {The position is equal.} 97. Kg4 Ke5 98. Ra5+ Ke4 99. Ra1 Ke5 100. Re1+ Kd5 {Accuracy: White = 60%, Black = 56%.} 1/2-1/2

[Event "IRT Club Caissa 2019"]
[Site "Guatemala"]
[Date "2019.01.12"]
[Round "8"]
[White "Gonzalez Zamora, Juan Carlos"]
[Black "Cuenca Jimenez, Jose Fernando"]
[Result "0-1"]
[WhiteElo "2529"]
[BlackElo "2512"]
[Annotator "TA"]
[PlyCount "130"]
[EventDate "2019.01.09"]
[EventType "swiss"]
[EventCountry "GUA"]
[SourceTitle "playchess.com"]
[Source "ChessBase"]
[SourceQuality "1"]

{[%evp 24,130,-11,-12,-10,-10,-16,-20,-14,-15,0,-10,0,-2,0,-20,0,-14,12,0,0,-12,-1,-17,-20,-37,-25,-33,0,0,0,0,0,0,8,-7,21,19,19,19,29,22,33,32,37,0,0,0,0,0,39,24,16,24,98,86,82,87,93,112,117,8,111,20,17,0,122,0,96,79,59,8,12,12,12,0,13,13,13,13,13,119,102,96,102,0,0,0,0,-479,-417,-443,-430,-354,-387,-272,-182,-770,-752,-1817,-1758,-3021,-1710,-2351,-2027,-8331,-6618,-5114,-5097]} 1. d4 Nf6 2. Nf3 d5 3. g3 e6 4. Bg2 Be7 5. O-O O-O 6. c4 dxc4 7. Qc2 a6 8. a4 Bd7 9. Qxc4 Bc6 10. Bf4 Bd6 {E05: Open Catalan: 5 Nf3 Be7} 11. Nc3 Bxf4 12. gxf4 a5 13. e3 {LiveBook: 4 Games} Na6 {[#]} 14. Rad1 $146 ({Predecessor:} 14. Rac1 Nb4 15. Rfd1 Ra6 16. Qe2 Nbd5 17. Nb5 Ne7 18. Nd2 Bxg2 19. Kxg2 {½-½ (26) Ivanchuk,V (2710)-Dominguez Perez,L (2723) Varadero 2016}) 14... Nb4 15. Qe2 Qe7 16. Ne5 Bxg2 17. Kxg2 Rfd8 18. Qf3 c6 19. Rg1 Rac8 20. Kh1 c5 21. Nb5 Nc6 22. dxc5 Qxc5 23. Rxd8+ Rxd8 24. Rd1 Rxd1+ 25. Qxd1 g6 26. Nd7 Qe7 (26... Ng4 {with more complications.} 27. Kg2 Qh5 28. Qd6 Qxh2+ 29. Kf3 Qxf2+ 30. Kxg4 Qg2+) 27. Nxf6+ Qxf6 28. Qd7 Qd8 29. Qd6 (29. Qxd8+ {is interesting.} Nxd8 30. Kg2 Kf8 31. Nd6 f6 32. Nc4) 29... Qxd6 (29... Qh4 {keeps more tension.} 30. Kg2 Qg4+ 31. Kf1 e5 32. fxe5 Qxa4 33. Qd5 Qa1+) 30. Nxd6 $11 {[%mdl 4096] Endgame KN-KN} Nd8 $1 31. Kg2 Kf8 32. Kf3 Ke7 33. Nc4 Nc6 34. Ke4 (34. Kg4 $5 {[%cal Rg4g5]}) 34... f6 35. Kd3 Kd7 36. Nd2 e5 37. Ne4 f5 38. Nf6+ Ke6 (38... Kd6 $1 $11) 39. Nxh7 $16 exf4 40. exf4 Kd5 41. Nf8 Ne7 42. Nd7 (42. Kc3 $1 $16) 42... Nc6 (42... Kc6 $11 {keeps the balance.} 43. Nf6 Kc5) 43. Ke3 (43. f3 $16) 43... Ne7 $1 $11 44. Kd3 (44. b3 $11) 44... Nc6 $16 45. Nf8 Ne7 46. h4 Kc5 47. Nd7+ (47. Ne6+ $1 $14 Kd6 48. Nd8) 47... Kd6 48. Ne5 {Hoping for Kc4.} Kc5 $1 49. b3 Kb4 50. Kc2 {Nd3+ is the strong threat.} Kc5 $1 51. Kb2 Kd4 52. Nc4 Nc6 53. Nd6 b6 {[#]} 54. Kc2 (54. Nc8 $1 $16) 54... Nb4+ $11 55. Kd2 Nd5 56. h5 $2 {[%mdl 8192]} (56. Nc4 $11) 56... gxh5 $19 57. Nxf5+ {[#]} Kc5 $1 {[%cal Rc5b4]} 58. Kd3 Nxf4+ 59. Ke4 Ng6 60. f4 $2 (60. Ne3) 60... h4 {[%cal Bh5h4,Bh4h3][%mdl 32] Black is clearly winning.} 61. Nd4 h3 62. Nf3 {[#]} Nh4 $1 {[%mdl 512]} 63. Nh2 (63. Nxh4 h2) 63... Kb4 64. Ke5 Ng6+ 65. Ke4 {[#]} Nxf4 $1 {[%mdl 512] Accuracy: White = 41%, Black = 63%.} 0-1